Life game / (Record no. 127613)

MARC details
000 -LEADER
fixed length control field 00622nam a22002297a 4500
005 - DATE AND TIME OF LATEST TRANSACTION
control field 20170124110028.0
010 ## - LIBRARY OF CONGRESS CONTROL NUMBER
LC control number A-143271
020 ## - INTERNATIONAL STANDARD BOOK NUMBER
International Standard Book Number 0563124261
Terms of availability 00.00
035 ## - SYSTEM CONTROL NUMBER
System control number A-143271
037 ## - SOURCE OF ACQUISITION
Source of stock number/acquisition Cen Lib/Ret
040 ## - CATALOGING SOURCE
Original cataloging agency DPL
Language of cataloging EN
082 ## - DEWEY DECIMAL CLASSIFICATION NUMBER
Classification number 575
Item number CAL
100 ## - MAIN ENTRY--PERSONAL NAME
Personal name Calder, Nigel
9 (RLIN) 21026
245 ## - TITLE STATEMENT
Title Life game /
Statement of responsibility, etc by Nigel Calder
260 ## - PUBLICATION, DISTRIBUTION, ETC. (IMPRINT)
Place of publication, distribution, etc London
Name of publisher, distributor, etc British brodcasting corporation
Date of publication, distribution, etc 1973
270 ## - ADDRESS
City London
300 ## - PHYSICAL DESCRIPTION
Extent 142p.:
Dimensions 21cm(Hb)
Other physical details ill.
500 ## - GENERAL NOTE
General note Includes index
650 ## - SUBJECT ADDED ENTRY--TOPICAL TERM
Topical term or geographic name as entry element Evolution (Biology)
9 (RLIN) 20804
650 ## - SUBJECT ADDED ENTRY--TOPICAL TERM
Topical term or geographic name as entry element Life (Biology)
9 (RLIN) 21027
942 ## - ADDED ENTRY ELEMENTS (KOHA)
Source of classification or shelving scheme Dewey Decimal Classification
Koha item type English Books
Classification part 575
Call number suffix CAL
Holdings
Withdrawn status Lost status Damaged status Not for loan Home library Current library Date acquired Source of acquisition Cost, normal purchase price Total Checkouts Full call number Barcode Date last seen Copy number Cost, replacement price Price effective from Koha item type Public note
Written off       Central Library Central Library 30/06/2015 Cen Lib/Ret 0.00   575 CAL A-143271 30/06/2015 1 0.00 30/06/2015 English Books Written off on approval by DLB (By Circulation); dtd 15-06-2023

© Delhi Public Library
Hit Counter
free hit counter